Star Wars Planet Screen Time - Statistics

General Stats
  • This quiz has been taken 345 times
  • The average score is 7 of 9
Answer Stats
Hint Answer % Correct
The Phantom Menace Tatooine
98%
A New Hope Tatooine
98%
Return of the Jedi Endor
93%
Revenge of the Sith Coruscant
91%
Attack of the Clones Geonosis
85%
The Force Awakens Jakku
74%
The Rise of Skywalker Exegol
53%
The Empire Strikes Back Cloud City
44%
The Last Jedi Ahch-To
33%
No matching quizzes found
Score Distribution
Percent of People with Each Score
Percentile by Number Answered
Your Score History
You have not taken this quiz